|
|
|
|
| LEADER |
01013nam a2200325 4500 |
| 001 |
DLU090095561 |
| 005 |
##20091201 |
| 040 |
# |
# |
|a DLU
|b eng
|
| 041 |
# |
# |
|a eng
|
| 044 |
# |
# |
|a us
|
| 100 |
# |
# |
|a Fuertes, Antonio B.
|
| 245 |
# |
# |
|a Template synthesis of mesoporous carbons from mesostructured silica by vapor deposition polymerisation /
|c Antonio B. Fuertes, Dasha M. Nevskaia.
|
| 653 |
# |
# |
|a Gas solid desorption
|
| 653 |
# |
# |
|a Mesoporosity
|
| 653 |
# |
# |
|a Polymerization
|
| 653 |
# |
# |
|a Porous materials
|
| 653 |
# |
# |
|a Synthesis
|
| 653 |
# |
# |
|a Transmission electron microscopy
|
| 653 |
# |
# |
|a Vapor deposition
|
| 700 |
# |
# |
|a Nevskaia, Dasha M.
|
| 773 |
# |
# |
|t Journal of Materials Chemistry
|g Vol. 13, no. 7 (2003), p. 1843-1846
|
| 920 |
# |
# |
|a Phòng Tạp chí -- Trung tâm Thông tin - Thư viện Trường Đại học Đà Lạt
|
| 994 |
# |
# |
|a DLU
|
| 900 |
# |
# |
|a True
|
| 911 |
# |
# |
|a Trương Bảo Trâm Anh
|
| 925 |
# |
# |
|a G
|
| 926 |
# |
# |
|a A
|
| 927 |
# |
# |
|a BB
|
| 980 |
# |
# |
|a Thư viện Trường Đại học Đà Lạt
|